| 000 | 00448nam a2200169Ia 4500 | ||
|---|---|---|---|
| 008 | 221030s9999 xx 000 0 und d | ||
| 020 | _a8178084627 | ||
| 041 | _aEnglish | ||
| 082 |
_a105.23 _bCou |
||
| 100 | _aG. Coulouris | ||
| 245 | 0 |
_aDistributed Systems Concepts & Design _cby G. Coulouris, J. Dollimare |
|
| 260 |
_bPearson Education _aNew Delhi _c2003 |
||
| 300 | _a772 | ||
| 650 | _aBE Computer | ||
| 700 | _aJ. Dollimare | ||
| 942 | _cBK | ||
| 999 |
_c2221 _d2221 |
||